| 000 | 00573 a2200205 4500 | ||
|---|---|---|---|
| 005 | 20260108124714.0 | ||
| 008 | 260106b |||||||| |||| 00| 0 eng d | ||
| 020 |
_a9788119051236 _cRs. 1295.00 |
||
| 040 | _aMAIN | ||
| 082 |
_a294.564 _bV837B:V |
||
| 100 | _aBehl, Prashant | ||
| 245 | _aVivekananda vision for India's future: A revolutionary perspective | ||
| 260 |
_aNew Delhi _bThe Readers Paradise _c2025 |
||
| 300 | _a272 | ||
| 650 | _aReligion | ||
| 650 | _aIndian History-Swami Vivekananda | ||
| 700 | _aManoj Singh | ||
| 700 | _aSondhi, M N | ||
| 942 | _cBK | ||
| 999 |
_c394177 _d394177 |
||